000 01057nam a22003137a 4500
001 BR9102458
003 BR-BrBNA
005 20230928093613.0
007 ta
008 230509b bl.||||| |||| 00| 0 por d
040 _aBR-BrBNA
_bpor
_cBiblioteca Nacional de Agricultura
041 _a(Por)
072 _aL70
_b8830
090 _ 8830 BR9102458
100 1 _aCastro, V.L.S.S. de
110 1 _aUniversidade de Sao Paulo, Sao Paulo (Brasil). Faculdade de Medicina Veterinaria e Zootecnia
_0Tese (Doutorado)
245 1 _aAvaliacao perinatal dos efeitos neurocomportamentais do aldrin em ratos
246 1 _a[The effects of perinatal aldrin administration, on behavioral and physical development on rats!
260 3 _aSao Paulo, SP (Brasil):
_c1991.
300 _a113 p.
500 _a26 tables; Bibliography p. 105-111 (163 ref.); Summaries (Eng, Por)
650 _aRATO
650 _aVETERINARIA
650 _aALDRIN
650 _aCOMPORTAMENTO ANIMAL
650 _aCRESCIMENTO
909 _a202309
_bLucia
_c55
_dLucia Elande
942 _cBK
999 _c45956
_d45956